000 00852nmm a2200325 a 4500
003 AR-BaBNM
005 20251128211217.0
008 103020s2001 ||||||||||||||000 | spa||
020 _a987-9475-01-1
040 _cAR-BaBNM
110 2 _aConsejo Empresario Argentino [Buenos Aires]
245 1 0 _aLa globalización, la Argentina y cada uno de nosotros
260 _aBuenos Aires
_bConsejo Empresario Argentino
_c2001
300 0 _a239 p.
_btablas, gráfs.
610 2 4 _aMERCOSUR
650 4 _aESTADO
650 4 _aEMPRESAS
650 4 _aNEGOCIACION
650 4 _aREFORMA ECONOMICA
650 4 _aPOLITICA ECONOMICA
650 4 _aFINANZAS
650 4 _aINTEGRACION REGIONAL
651 4 _aArgentina
651 4 _aUruguay
651 4 _aMéxico
651 4 _aEspaña
653 0 _aGLOBALIZACION
942 _cBK
998 _cMariana
999 _c18734
_d18734